| 000 | 00595nam a2200205Ia 4500 | ||
|---|---|---|---|
| 001 | ench-96 [cei0000097] | ||
| 003 | IT-MiCISF | ||
| 008 | 161014s9999||||xx |||||||||||||| ||und|| | ||
| 040 |
_aIT-MiCISF _cIT-MiCISF |
||
| 041 | _ait | ||
| 100 | _aAA.VV. | ||
| 245 | 0 | _aProcesso di matrimonio valido ma non consumato | |
| 250 | _a1a ed. | ||
| 260 |
_bEnchiridion Vaticanum/4 _c1972 |
||
| 300 | _ap. 990-1007 | ||
| 500 | _aSacra Congregatio de Disciplina Sacramentorum / matrimonio, diritto-canonico, nullità / documento | ||
| 650 | _amatrimonio | ||
| 942 | _cBK | ||
| 957 | _71 | ||
| 999 |
_a96 _bsi _g1 _c208931 _d208931 |
||